Concepts of Physics (Record no. 1204)

MARC details
000 -LEADER
fixed length control field 00393nam a22001697a 4500
005 - DATE AND TIME OF LATEST TRANSACTION
control field 20160520124503.0
008 - FIXED-LENGTH DATA ELEMENTS--GENERAL INFORMATION
fixed length control field 160520b xxu||||| |||| 00| 0 eng d
020 ## - INTERNATIONAL STANDARD BOOK NUMBER
ISBN 978-81-7709-232-5
041 ## - LANGUAGE CODE
Language code of text/sound track or separate title eng
082 ## - DEWEY DECIMAL CLASSIFICATION NUMBER
Item number 3523
100 ## - MAIN ENTRY--AUTHOR NAME
Personal name Verma H.C.
245 ## - TITLE STATEMENT
Title Concepts of Physics
260 ## - PUBLICATION, DISTRIBUTION, ETC. (IMPRINT)
Name of publisher Bharti Bhawan Pub.
300 ## - PHYSICAL DESCRIPTION
Number of Pages 466
650 ## - SUBJECT ADDED ENTRY--TOPICAL TERM
Topical Term DIPLOMA ENGINEERING
942 ## - ADDED ENTRY ELEMENTS (KOHA)
Koha item type Books
Holdings
Lost status Damaged status Collection code Home library Current library Shelving location Date acquired Cost, normal purchase price Full call number Accession Number Koha item type
    CS/IT JRU Library JRU Library SHELF-56-A 20/05/2016 288.00 3523 3523 Books
    CS/IT JRU Library JRU Library SHELF-56-A 20/05/2016 288.00 3523 3524 Books
    CS/IT JRU Library   SHELF-56-A 20/05/2016 288.00 3523 3525 Books
      JRU Library     20/05/2016 288.00 3523 3526 Books
    CS/IT JRU Library JRU Library SHELF-56-A 20/05/2016 288.00 3523 3527 Books
    MANAGEMENT JRU Library JRU Library SHELF-51-E 20/05/2016 288.00 3523 3528 Books
      JRU Library   SHELF-35-N 20/05/2016 288.00 3523 3529 Books
    CS/IT JRU Library JRU Library SHELF-56-A 20/05/2016 288.00 3523 3530 Books